Vainqueurs de la Coupe d'Italie de football - Mort subite - Statistiques

Statistiques générales
  • Ce quiz a été pris 288 fois
  • Le résultat moyen est 8 sur 16
Answers on the Grid
Answers color-coded by a green-red scale on the quiz's grid according to % correct below.
AC Milan
AC Monza
ACF Fiorentina
AS Rome
Atalanta Bergame
SSC Bari
Bologne FC
Brescia Calcio
CFC Genoa
Côme 1907
Empoli FC
Hellas Vérone
Inter Milan
Juventus FC
Palerme
Parme Calcio
Pisa SC
Reggiana 1919
Salernitana
Spezia Calcio
SS Lazio
SSC Naples
Torino FC
UC Sampdoria
Udinese Calcio
US Lecce
US Sassuolo
Vado FC
Venise FC
Vicence
 
Statistiques - réponses
Réponse % Correct
AC Milan
87%
Inter Milan
87%
Juventus FC
84%
SSC Naples
82%
AS Rome
81%
SS Lazio
71%
ACF Fiorentina
62%
Atalanta Bergame
52%
Torino FC
51%
Bologne FC
47%
Parme Calcio
34%
UC Sampdoria
32%
CFC Genoa
27%
Venise FC
8%
Vado FC
6%
Vicence
6%
Aucun quiz correspondant
Distribution des résultats
% des personnes avec chaque résultat
Percentile par nombre de réponses
Votre historique - résultats
Vous n’avez pas pris ce quiz